NBA All-Stars by Position - Point Guards - Statistics

General Stats
  • This quiz has been taken 19 times
    18 since last reset
  • The average score is 52 of 99
Answer Stats
Team # of All-Star Selections Last All-Star Selection Player % Correct
Los Angeles Lakers 14 1974 Jerry West
100%
Golden State Warriors 12 2026 Stephen Curry
100%
Boston Celtics 13 1963 Bob Cousy
94%
Los Angeles Clippers 12 2022 Chris Paul
94%
Portland Trail Blazers 9 2025 Damian Lillard
94%
Boston Celtics 2 2017 Isaiah Thomas
94%
Houston Rockets 11 2025 James Harden
94%
New Jersey Nets 10 2010 Jason Kidd
94%
Toronto Raptors 6 2020 Kyle Lowry
94%
Cleveland Cavaliers 9 2025 Kyrie Irving
94%
Dallas Mavericks 6 2026 Luka Dončić
94%
Los Angeles Lakers 11 1991 Magic Johnson
94%
Boston Celtics 4 2013 Rajon Rondo
94%
Oklahoma City Thunder 9 2020 Russell Westbrook
94%
Phoenix Suns 8 2012 Steve Nash
94%
San Antonio Spurs 6 2014 Tony Parker
94%
Atlanta Hawks 4 2025 Trae Young
94%
San Antonio Spurs 1 2022 Dejounte Murray
88%
Seattle SuperSonics 9 2003 Gary Payton
88%
Denver Nuggets 1 2026 Jamal Murray
88%
Utah Jazz 10 2000 John Stockton
88%
Charlotte Hornets 4 2020 Kemba Walker
88%
Cincinnati Royals 12 1972 Oscar Robertson
88%
Oklahoma City Thunder 4 2026 Shai Gilgeous-Alexander
88%
Philadelphia 76ers 3 2021 Ben Simmons
82%
Chicago Bulls 3 2012 Derrick Rose
82%
New York Knicks 3 2026 Jalen Brunson
82%
Washington Wizards 5 2018 John Wall
82%
Philadelphia 76ers 2 2026 Tyrese Maxey
82%
Detroit Pistons 5 2010 Chauncey Billups
76%
Seattle SuperSonics 5 1985 Dennis Johnson
76%
Phoenix Suns 3 1994 Kevin Johnson
76%
Utah Jazz 1 2021 Mike Conley
76%
Indiana Pacers 2 2025 Tyrese Haliburton
76%
New York Knicks 7 1976 Walt Frazier
76%
Detroit Pistons 2 2026 Cade Cunningham
71%
Cleveland Cavaliers 2 2025 Darius Garland
71%
Sacramento Kings 2 2026 De'Aaron Fox
71%
Washington Wizards 3 2007 Gilbert Arenas
71%
Memphis Grizzlies 2 2023 Ja Morant
71%
Charlotte Hornets 1 2022 LaMelo Ball
71%
Golden State Warriors 5 1998 Tim Hardaway
71%
Los Angeles Lakers 1 1975 Jim Price
65%
Milwaukee Bucks 2 2023 Jrue Holiday
65%
Cleveland Cavaliers 4 1994 Mark Price
65%
New Jersey Nets 3 2012 Deron Williams
59%
Boston Celtics 7 1977 Jo Jo White
59%
Seattle SuperSonics 2 1983 Gus Williams
53%
New York Knicks 1 1989 Mark Jackson
53%
Cleveland Cavaliers 1 2009 Mo Williams
53%
Los Angeles Lakers 2 1985 Norm Nixon
53%
Portland Trail Blazers 2 1993 Terry Porter
53%
Detroit Pistons 7 1976 Dave Bing
47%
Toronto Raptors 1 2022 Fred VanVleet
47%
Houston Rockets 3 2004 Steve Francis
47%
New Orleans Hornets 2 2004 Baron Davis
41%
Brooklyn Nets 1 2019 D'Angelo Russell
41%
Atlanta Hawks 1 2015 Jeff Teague
41%
St. Louis Hawks 9 1973 Lenny Wilkens
41%
Boston Celtics 6 1982 Nate Archibald
41%
Minnesota Timberwolves 1 2004 Sam Cassell
41%
Phoenix Suns 2 2003 Stephon Marbury
41%
Philadelphia 76ers 4 1988 Maurice Cheeks
35%
Atlanta Hawks 1 1994 Mookie Blaylock
35%
Los Angeles Lakers 1 1998 Nick Van Exel
35%
Chicago Bulls 1 1994 B.J. Armstrong
29%
Houston Rockets 1 1979 Calvin Murphy
29%
New Jersey Nets 1 2009 Devin Harris
29%
Denver Nuggets 2 1990 Fat Lever
29%
Orlando Magic 1 2009 Jameer Nelson
29%
Chicago Bulls 3 1977 Norm Van Lier
29%
Atlanta Hawks 1 1988 Doc Rivers
24%
Los Angeles Lakers 2 1961 Hot Rod
24%
New York Knicks 4 1985 Michael Ray Richardson
24%
Utah Jazz 1 1984 Rickey Green
24%
Golden State 1 1987 Sleepy Floyd
24%
Cleveland Cavaliers 2 1997 Terrell Brandon
24%
Rochester Royals 4 1954 Bob Davies
18%
Miami Heat 1 2018 Goran Dragić
18%
San Francisco Warriors 1 1968 Jim King
18%
New Jersey Nets 1 1994 Kenny Anderson
18%
Washington Bullets 1 1992 Michael Adams
18%
Minneapolis Lakers 7 1959 Slater Martin
18%
Philadelphia Warriors 5 1955 Andy Phillip
12%
Philadelphia 76ers 1 1995 Dana Barros
12%
Indiana Pacers 1 1977 Don Buse
12%
Milwaukee Bucks 1 1970 Flynn Robinson
12%
San Francisco Warriors 4 1967 Guy Rodgers
12%
Baltimore Bullets 2 1972 Archie Clark
6%
Cleveland Cavaliers 1 1972 Butch Beard
6%
New York Knicks 7 1959 Dick McGuire
6%
Detroit Pistons 5 1962 Gene Shue
6%
Philadelphia Warriors 2 1957 Jack George
6%
Syracuse Nationals 6 1965 Larry Costello
6%
Portland Trail 1 1978 Lionel Hollins
6%
Seattle SuperSonics 1 1968 Walt Hazzard
6%
New York Knicks 5 1957 Carl Braun
0%
Baltimore Bullets 2 1953 Fred Scolari
0%
Rochester Royals 1 1957 RIchie Regan
0%
No matching quizzes found
Score Distribution
Percent of People with Each Score
Percentile by Number Answered
Your Score History
You have not taken this quiz since the last reset